Black stars of the civil rights movement
Discover why young people all over the country are reading the Black Stars biographies of African American heroes. Here is what you want to know about the lives of brave black men and women during the Civil Rights Movement:
Đã lưu trong:
| 主要作者: | |
|---|---|
| 格式: | 圖書 |
| 語言: | Undetermined |
| 出版: |
Hoboken, N.J.
John Wiley & Sons
2003
|
| 主題: | |
| 標簽: |
添加標簽
沒有標簽, 成為第一個標記此記錄!
|
| Thư viện lưu trữ: | Trung tâm Học liệu Trường Đại học Cần Thơ |
|---|
| LEADER | 00860nam a2200205Ia 4500 | ||
|---|---|---|---|
| 001 | CTU_137719 | ||
| 008 | 210402s9999 xx 000 0 und d | ||
| 020 | |c 12.95 | ||
| 082 | |a 323.1196073 | ||
| 082 | |b B627 | ||
| 100 | |a Haskins, Jim | ||
| 245 | 0 | |a Black stars of the civil rights movement | |
| 245 | 0 | |c Written by Jim Haskins ... [et al.] ; Jim Haskins, general editor | |
| 260 | |a Hoboken, N.J. | ||
| 260 | |b John Wiley & Sons | ||
| 260 | |c 2003 | ||
| 520 | |a Discover why young people all over the country are reading the Black Stars biographies of African American heroes. Here is what you want to know about the lives of brave black men and women during the Civil Rights Movement: | ||
| 650 | |a African Americans,African American civil rights workers,Người Mỹ | ||
| 904 | |i Giang | ||
| 980 | |a Trung tâm Học liệu Trường Đại học Cần Thơ | ||